000 nam a22 7a 4500
999 _c54586
_d54586
003 OSt
005 20220802122854.0
008 220802b xxu||||| |||| 00| 0 eng d
040 _cIIMT UNIVERSITY, MEERUT
100 _aROBERT H PERRY
245 _aCHEMICAL ENGINEERING HANDBOOK
260 _aTATA MC GRAW HILL
_bNEW DELHI
_c1960
300 _a39
942 _2ddc
_c09